000 00528nmm a2200169Ia 4500
008 251105s9999||||xx |||||||||||||||||und||
020 _a9788475226811
041 _aspa
100 _aFonseca Grigsby, Carlos
245 0 _aUna oscuridad brillando en la claridad que la claridad no logra comprender
264 _a[Madrid, España] :
_bVisor Libros,
_c2008
300 _a88 páginas
490 _aVisor de Poesía
650 _aLatin American poetry
856 _uhttps://public.digitaliapublishing.com/a/41112
942 _cCF
999 _c84999
_d84999